Départements français qui ont une ville appellée "Saint Sauveur" - Statistiques

Statistiques générales
  • Ce quiz a été pris 31 fois
  • Le résultat moyen est 8 sur 11
Statistiques - réponses
Réponse % Correct
Gironde
93%
Finistère
79%
Isère
79%
Haute Garonne
75%
Somme
75%
Dordogne
68%
Hautes Alpes
68%
Haute Saone
68%
Oise
68%
Côte d'Or
64%
Meurthe et Moselle
57%
Aucun quiz correspondant
Distribution des résultats
% des personnes avec chaque résultat
Percentile par nombre de réponses
Votre historique - résultats
Vous n’avez pas pris ce quiz